[Event "Titled Tue 11th Jun Early"]
[Site "chess.com INT"]
[Date "2024.06.11"]
[Round "5"]
[White "Nakamura, Hi"]
[Black "Raja, Rithvik R"]
[Result "1-0"]
[WhiteElo "2794"]
[BlackElo "2511"]
[PlyCount "85"]
[EventDate "2024.06.11"]

1. Nf3 d5 2. e3 Nf6 3. c4 e6 4. b3 b6 5. Bb2 Bb7 6. g3 Nbd7 7. cxd5 exd5 8. Bg2 Bd6 9. O-O O-O 10. Nc3 a6 ({RR} 10... Re8 11. Rc1 a6 12. Re1 Nc5 13. d3 a5 14. Nb5 Be7 15. Nxc7 Qxc7 16. d4 Rad8 17. dxc5 bxc5 18. Nd4 Qb6 19. Nf5 Bf8 20. Qf3 g6 21. Nh6+ Bxh6 22. Qxf6 Qxf6 23. Bxf6 Rc8 24. Rcd1 Re6 25. Bc3 {Sonis,F (2538)-Raja,R (2490) Chess.com INT 2022 ½-½ (57)}) 11. d3 ({RR} 11. Nh4 Re8 12. Rc1 Bf8 13. Rc2 Rc8 14. Qa1 c5 15. Ne2 b5 16. d3 Qb6 17. Rfc1 Rcd8 18. a4 Rc8 19. a5 Qd8 20. Nf3 Rc7 21. Nf4 Bd6 22. Nh4 Bf8 23. Nf5 g6 24. Nd4 Bd6 25. Nde2 g5 {Zwardon,V (2442)-Polak,T (2472) Czech Republic CZE 2025 0-1 (41)}) 11... Re8 12. Rc1 c5 $146 ({RR} 12... Qe7 13. Re1 Rad8 14. Qc2 Ne5 15. Nxe5 Bxe5 16. Ne2 Bxb2 17. Qxb2 c5 18. d4 h5 19. Nf4 h4 20. gxh4 Ne4 21. h5 Rd6 22. f3 Ng5 23. Qf2 Rh6 24. h4 Ne6 25. Nxe6 fxe6 26. dxc5 bxc5 27. e4 {Daly,C (2181)-O'Connor,J (2148) Dublin IRL 2023 ½-½ (111)}) 13. d4 c4 14. Nd2 b5 15. bxc4 bxc4 16. Re1 Rb8 17. Qc2 Bb4 18. a3 Ba5 19. Na2 Qe7 20. Ra1 Bxd2 21. Qxd2 Ne4 22. Qc2 Bc6 23. Nb4 Bb7 24. f3 Nef6 25. Bc3 a5 26. Na2 Qd8 27. Qd2 Ra8 28. a4 Bc6 29. Nc1 Qb6 30. Ne2 Reb8 31. g4 h6 32. Ng3 Qd8 33. h4 Rb3 34. Rec1 Ne8 35. Nf5 Qc7 36. Qc2 Nd6 37. Ne7+ Kf8 38. Nxc6 Qxc6 39. e4 Nb6 40. e5 Ne8 41. f4 Nxa4 42. Be1 Nb6 43. Qxb3 1-0

[Event "Titled Tue 11th Jun Late"]
[Site "chess.com INT"]
[Date "2024.06.11"]
[Round "7"]
[White "Svane, R."]
[Black "Henriquez Villagra, C."]
[Result "1-0"]
[WhiteElo "2633"]
[BlackElo "2588"]
[PlyCount "139"]
[EventDate "2024.06.11"]

1. Nf3 Nf6 2. g3 g6 3. Bg2 Bg7 4. O-O O-O 5. d4 d6 6. Re1 d5 7. c4 c6 8. Qb3 a5 9. Bf4 ({RR} 9. Rd1 a4 10. Qb4 Qa5 11. Qxa5 Rxa5 12. Bd2 Ra8 13. cxd5 Nxd5 14. e4 Nb6 15. Nc3 Rd8 16. Bg5 Bf6 17. Bxf6 exf6 18. h3 Na6 19. Bf1 Nc7 20. Rac1 Be6 21. Rd2 Kf8 22. Rcd1 Nc4 23. Rc2 Nb6 {Damjanovic,V (2368)-Wafa,H (2304) chess.com INT 2025 1-0 (48)}) ({RR} 9. cxd5 a4 10. Qd1 cxd5 11. Nc3 Qa5 12. Bd2 Nc6 13. e3 a3 14. Qb3 axb2 15. Qxb2 Qa3 16. Qxa3 Rxa3 17. Ne5 Nxe5 18. dxe5 Ne4 19. Nxe4 dxe4 20. Bb4 Ra4 21. Bxe7 Re8 22. Bf6 Be6 23. Reb1 Rxa2 {Svane,R (2627)-Caspi,I (2468) chess.com INT 2024 1-0 (43)}) 9... a4 10. Qb4 Ne4 $146 ({RR} 10... Nbd7 11. Nc3 a3 12. bxa3 dxc4 13. Qxc4 Rxa3 14. e4 Ra8 15. a4 Re8 16. e5 Nb6 17. Qb3 Nfd5 18. Bd2 Nxc3 19. Bxc3 Nd5 20. Bd2 Ra7 21. a5 h6 22. h4 Be6 23. Qc2 Bf5 24. Qc5 Ra6 25. Bf1 {Svane,R (2613)-Bolourchifard,F (2292) Chess.com INT 2020 1-0 (56)}) 11. Nc3 c5 12. dxc5 Nc6 13. Qa3 Nxc3 14. bxc3 dxc4 15. Nd2 Be6 16. Rab1 Ra7 17. Rb6 Bd5 18. e4 Be6 19. Reb1 Qd7 20. Bf1 Ne5 21. Bxe5 Qxd2 22. Bxg7 Kxg7 23. R6b2 Qd7 24. Rb4 Qc6 25. Bxc4 Qxc5 26. Bxe6 fxe6 27. Qb2 Rf7 28. Qd2 b6 29. Rxb6 Rd7 30. Qb2 Qc4 31. Rb4 Qd3 32. Rxa4 e5 33. Ra5 Qxe4 34. c4 Rd4 35. Rf1 h5 36. h4 Kh7 37. Qb5 Qf3 38. Qxe5 Re4 39. Qd5 e6 40. Qa8 Re2 41. Qxf3 Rxf3 42. a4 Rc3 43. Rc5 Ra2 44. a5 Rcc2 45. Kg2 Kg7 46. Kg1 Kf6 47. Rc6 Kf7 48. Rc7+ Kf6 49. Rc6 Kf7 50. a6 Ra3 51. Kg2 Rca2 52. Re1 Rxa6 53. Rexe6 Rxc6 54. Rxc6 Rc2 55. Kf3 Kg7 56. Ke3 Kf7 57. f3 Kg7 58. Kf4 Kf7 59. Kg5 Rg2 60. g4 hxg4 61. fxg4 Rc2 62. Rf6+ Ke7 63. Rxg6 Rxc4 64. h5 Kf7 65. Kh6 Rc8 66. Rg7+ Ke6 67. g5 Kf5 68. Rf7+ Ke6 69. g6 Rh8+ 70. Kg5 1-0

[Event "Bullet Chess Winners 2024"]
[Site "chess.com INT"]
[Date "2024.06.10"]
[Round "1.1"]
[White "Nakamura, Hi"]
[Black "Yoo, Christopher Woojin"]
[Result "1-0"]
[WhiteElo "2794"]
[BlackElo "2599"]
[PlyCount "51"]
[EventDate "2024.06.10"]
[EventType "k.o."]

1. Nf3 Nf6 2. b3 e6 3. Bb2 b6 4. e3 Bb7 5. c4 c5 6. d4 ({RR} 6. Nc3 Nc6 7. d4 cxd4 8. Nxd4 Qb8 9. Nf3 Be7 10. Be2 O-O 11. O-O Rd8 12. Qb1 d5 13. cxd5 Nxd5 14. Nxd5 Rxd5 15. Qe4 Nb4 16. Qg4 Qf8 17. e4 Rdd8 18. Rfd1 Nc6 19. h3 Ba3 20. Bf6 Be7 {Kortschnoj,V (2635)-Karpov,A (2700) Brussels 1986 ½-½}) 6... cxd4 7. Nxd4 Bb4+ ({RR} 7... Nc6 8. Nc3 Bb4 9. Qc2 O-O 10. O-O-O Qe7 11. Bd3 Ba3 12. Nxc6 Bxc6 13. Rhg1 a5 14. g4 Bf3 15. Rd2 Bxg4 16. Bxh7+ Nxh7 17. Rxg4 Nf6 18. Rg3 d5 19. cxd5 exd5 20. Nxd5 Bxb2+ 21. Qxb2 Qc5+ 22. Kb1 {Salman,I (2092)-Hajiyev,K (2160) chess.com INT 2025 1-0}) 8. Bc3 $146 ({RR} 8. Nd2 Ne4 9. N4f3 O-O 10. a3 Nxd2 11. Nxd2 Be7 12. Bd3 Bf6 13. Qc2 Bxb2 14. Qxb2 d5 15. O-O-O Nd7 16. Kb1 Qf6 17. f3 Ne5 18. Bc2 dxc4 19. Be4 c3 20. Qxc3 Rac8 21. Qb2 Ba6 22. b4 Nd3 {Shreyas Seshadri Nallore (2147)-Boulahfa,H (2126) Madrid ESP 2024 0-1 (61)}) 8... Qe7 9. Nb5 O-O 10. Nc7 Bxc3+ 11. Nxc3 d5 12. Nxa8 Bxa8 13. cxd5 Nxd5 14. Nxd5 Bxd5 15. f3 Rd8 16. Qc2 Nc6 17. Kf2 Qf6 18. Rd1 Ne5 19. e4 Bb7 20. Rxd8+ Qxd8 21. Qc3 Ng6 22. Be2 h6 23. g3 Qe7 24. Rc1 Qa3 25. Rc2 Nf8 26. Qc7 1-0

[Event "Bullet Chess Winners 2024"]
[Site "chess.com INT"]
[Date "2024.06.10"]
[Round "1.1"]
[White "Nihal, Sarin"]
[Black "Caruana, F."]
[Result "1-0"]
[WhiteElo "2669"]
[BlackElo "2805"]
[PlyCount "69"]
[EventDate "2024.06.10"]
[EventType "k.o."]

1. Nf3 d5 2. b3 Nf6 3. e3 e6 4. Bb2 Be7 5. c4 O-O 6. Nc3 b6 7. d4 Bb7 8. cxd5 exd5 9. Bd3 Nbd7 10. O-O Re8 11. Rc1 a6 12. Ne2 Bd6 13. Ng3 Ne4 ({RR} 13... g6 14. Qc2 Rc8 15. Qe2 Ra8 16. Rc2 Qe7 17. Rfc1 Rec8 18. Qe1 Ne4 19. Bf1 Nxg3 20. hxg3 Nf6 21. Ne5 c5 22. Nd3 Ne4 23. dxc5 bxc5 24. Be2 Rc7 25. Nf4 Rd8 26. Bf3 d4 27. exd4 Re8 28. Re2 {Vidit,S (2651)-Almasi,Z (2689) Berlin 2015 1-0 (32)}) 14. Qc2 g6 15. Ne5 Qe7 $146 ({RR} 15... Nxg3 16. hxg3 c5 17. Nxd7 Qxd7 18. Rfd1 Bf8 19. dxc5 bxc5 20. Qc3 d4 21. exd4 cxd4 22. Qxd4 Qxd4 23. Bxd4 Rad8 24. Be3 Ba3 25. Rc7 Be4 26. Be2 Rxd1+ 27. Bxd1 Bb1 28. Be2 a5 29. Bc4 Re7 30. Rc8+ {Lupis,F (1970)-Munoz,C (1583) Buenos Aires 2017 1-0 (51)}) ({RR} 15... Ndf6 16. Nc6 Qd7 17. b4 h5 18. b5 axb5 19. Bxb5 Ba6 20. a4 Bxb5 21. axb5 h4 22. Nxe4 Nxe4 23. f3 Ng5 24. e4 Bf4 25. Rce1 Qd6 26. e5 Qd7 27. Qf2 Kg7 28. Qxh4 Qf5 29. Bc1 Bxc1 30. Rxc1 {Niermann,T (2427)-Harish,N (2169) Reykjavik ISL 2025 1-0 (45)}) 16. Nxd7 Qxd7 17. Rfd1 Nxg3 18. hxg3 Kg7 19. Qe2 h5 20. a4 Re7 21. Ra1 a5 22. Ba3 Qe6 23. Bxd6 Qxd6 24. Rac1 Rh8 25. Qf3 Bc8 26. Qf4 Qd8 27. Rc6 Bb7 28. Qf6+ Kg8 29. Rc3 c6 30. Rdc1 Qd7 31. Rxc6 Bxc6 32. Rxc6 Kh7 33. Rd6 Qc7 34. Rxd5 Re6 35. Rxh5+ 1-0

[Event "Bullet Chess Winners 2024"]
[Site "chess.com INT"]
[Date "2024.06.10"]
[Round "1.7"]
[White "Nakamura, Hi"]
[Black "Yoo, Christopher Woojin"]
[Result "1-0"]
[WhiteElo "2794"]
[BlackElo "2599"]
[PlyCount "83"]
[EventDate "2024.06.10"]
[EventType "k.o."]

1. Nf3 Nf6 2. b3 g6 3. Bb2 Bg7 4. d4 O-O 5. e3 c5 6. dxc5 Qa5+ 7. c3 Qxc5 8. Ba3 Qa5 9. Bxe7 Re8 10. Bxf6 Bxf6 11. Qd2 d5 ({RR} 11... Nc6 12. Be2 d5 13. O-O Bf5 14. b4 Qb6 15. Na3 a5 16. b5 Ne5 17. Nd4 Bd7 18. Nac2 Rac8 19. a4 Qc5 20. Ra3 Nc4 21. Bxc4 Qxc4 22. Rc1 Be7 23. Rb3 Qxa4 24. Ra1 Qc4 25. Rxa5 Ra8 26. Rxa8 {Nakamura,H (2802)-Dardha,D (2665) chess.com INT 2025 1-0 (42)}) 12. Be2 Bg4 13. O-O Nc6 14. Nd4 $146 ({RR} 14. Rc1 Rad8 15. Qb2 Rc8 16. Na3 a6 17. b4 Nxb4 18. Qxb4 Qxb4 19. cxb4 Bxa1 20. Rxa1 Rc3 21. h3 Bxf3 22. Bxf3 Rxa3 23. Bxd5 b5 24. Bb3 Rd8 25. Rc1 Rd7 26. Rc5 Kg7 27. g4 Rd3 28. Rc6 Rdxb3 {Nakamura,H (2736)-Shapkin,A (2283) Chess.com INT 2020 1-0 (76)}) 14... Bxe2 15. Nxe2 Rad8 16. Rd1 h5 17. Qb2 h4 18. h3 Qc7 19. Nd2 Ne5 20. Qc2 Rd6 21. Nd4 a6 22. N2f3 Nd7 23. Rac1 Nc5 24. Ne2 Ne4 25. c4 dxc4 26. Rxd6 Qxd6 27. bxc4 Qe7 28. Nf4 Nc3 29. Nd5 Nxd5 30. cxd5 Qd6 31. e4 Qb4 32. Re1 Be5 33. Re2 Bd6 34. Nxh4 Qd4 35. g3 Qf6 36. Kg2 Kg7 37. Nf3 Qa1 38. e5 Bxe5 39. d6 f6 40. d7 Rd8 41. Nxe5 fxe5 42. Qc7 1-0

[Event "Bullet Chess Winners 2024"]
[Site "chess.com INT"]
[Date "2024.06.10"]
[Round "1.9"]
[White "Firouzja, Alireza"]
[Black "Fedoseev, Vl3"]
[Result "1-0"]
[WhiteElo "2737"]
[BlackElo "2685"]
[PlyCount "113"]
[EventDate "2024.06.10"]
[EventType "k.o."]

1. Nf3 c5 2. b3 d6 3. Bb2 e5 4. e3 Nc6 5. Bb5 Bd7 6. c4 $146 ({RR} 6. Qe2 g6 7. Nc3 Nge7 8. h4 Nb4 9. Bxd7+ Qxd7 10. O-O-O Bg7 11. Ng5 f6 12. Nge4 a6 13. h5 Qf5 14. Nxd6+ Kd7 {1-0 (14) Santos,A (1614)-Brandao,A (1601) Porto 2014}) ({RR} 6. O-O Nf6 7. d4 cxd4 8. exd4 e4 9. d5 exf3 10. dxc6 bxc6 11. Re1+ Be7 12. Bxf6 gxf6 13. Bd3 fxg2 14. Qh5 Qb6 15. Nc3 Qc5 16. Qxc5 dxc5 17. Rad1 h5 18. Bc4 Rd8 19. Ne4 Kf8 20. h4 Bf5 {Nakamura,H (2745)-Nepomniachtchi,I (2776) Chess.com INT 2020 1-0 (38)}) ({RR} 6. O-O Nf6 7. c4 Be7 8. Nc3 O-O 9. Re1 Bg4 10. h3 Bh5 11. g4 Bg6 12. Bxc6 bxc6 13. d4 cxd4 14. exd4 e4 15. Nh4 d5 16. Nxg6 fxg6 17. Qd2 Bd6 18. Nd1 Nd7 19. a4 Qh4 20. Kg2 Rf3 {Bozorov,J (2199)-Goryachkina,A (2544) chess.com INT 2025 0-1}) 6... a6 7. Bxc6 Bxc6 8. Nc3 Nf6 9. O-O Be7 10. d4 Qc7 11. dxe5 dxe5 12. Nd5 Bxd5 13. cxd5 Bd6 14. Nd2 Rd8 15. e4 O-O 16. a4 b5 17. Qe2 Qb7 18. axb5 axb5 19. Rfc1 Nd7 20. Nf1 Ra8 21. Ne3 g6 22. h4 h5 23. g3 Nf6 24. Qf3 Kg7 25. Kg2 Rxa1 26. Rxa1 Ra8 27. Rxa8 Qxa8 28. Nd1 Qa2 29. Qd3 c4 30. bxc4 bxc4 31. Qc2 Qb3 32. Qxb3 cxb3 33. Kf3 Nd7 34. Ke2 Nc5 35. f3 Na4 36. Kd3 f5 37. Kc4 Nc5 38. f4 Nxe4 39. fxe5 Bf8 40. d6 Kf7 41. Kd5 Ke8 42. Ne3 Nxg3 43. e6 Bxd6 44. Kxd6 f4 45. Nd5 Nf5+ 46. Ke5 f3 47. Nf6+ Kd8 48. Ne4 Nxh4 49. Bc1 Nf5 50. Bg5+ Kc8 51. Bc1 h4 52. Nd6+ Nxd6 53. Kxd6 h3 54. e7 Kb7 55. e8=Q f2 56. Qc6+ Ka7 57. Be3+ 1-0

[Event "Bullet Chess Winners 2024"]
[Site "chess.com INT"]
[Date "2024.06.10"]
[Round "1.9"]
[White "Nakamura, Hi"]
[Black "Yoo, Christopher Woojin"]
[Result "1-0"]
[WhiteElo "2794"]
[BlackElo "2599"]
[PlyCount "31"]
[EventDate "2024.06.10"]
[EventType "k.o."]

1. Nf3 Nf6 2. b3 c5 3. Bb2 Nc6 4. e3 a6 5. d4 ({RR} 5. g3 d6 6. Bg2 e5 7. O-O Be7 8. d4 cxd4 9. exd4 e4 10. Nfd2 d5 11. Re1 O-O 12. c4 Nb4 13. Bf1 Bg4 14. Qc1 Rc8 15. Nc3 Re8 16. a3 Nd3 17. Bxd3 exd3 18. c5 Qd7 19. Nf1 h5 {Badmatsyrenov,O (2399)-Radjabov,T (2745) chess.com INT 2023 0-1 (43)}) ({RR} 5. c4 e6 6. Be2 d5 7. cxd5 exd5 8. O-O Bd6 9. d4 cxd4 10. Nxd4 O-O 11. Nd2 Re8 12. Rc1 Nxd4 13. Bxd4 Bb8 14. Bd3 Qd6 15. Nf3 Bg4 16. Re1 Ne4 17. Kf1 Bxf3 18. gxf3 Nxf2 19. Kxf2 Qxh2+ {Sahib,S (2430)-Ahmad,K (2391) chess.com INT 2025 0-1}) 5... cxd4 6. Nxd4 d5 7. Nxc6 $146 ({RR} 7. c4 e5 8. Nxc6 bxc6 9. cxd5 Bb4+ 10. Bc3 Qa5 11. Qd2 Nxd5 12. Bxb4 Nxb4 13. Nc3 Bf5 14. O-O-O O-O 15. Bc4 Rfd8 16. Qb2 Bd3 17. a3 Bxc4 18. axb4 Qxb4 19. bxc4 Qxc4 20. Kc2 Rdb8 21. Qa1 Rb3 {Ventura Bolet,M (2233)-Weetik,V (2423) chess.com INT 2023 1-0 (49)}) 7... bxc6 8. Nd2 Qc7 9. c4 e5 10. Rc1 Bg4 11. Qc2 Bb4 12. cxd5 Nxd5 13. a3 Bxd2+ 14. Qxd2 O-O 15. Qxd5 Rfd8 16. Qxe5 1-0

[Event "Bullet Chess Winners 2024"]
[Site "chess.com INT"]
[Date "2024.06.10"]
[Round "1.13"]
[White "Nakamura, Hi"]
[Black "Yoo, Christopher Woojin"]
[Result "1-0"]
[WhiteElo "2794"]
[BlackElo "2599"]
[PlyCount "153"]
[EventDate "2024.06.10"]
[EventType "k.o."]

1. Nf3 Nf6 2. b3 g6 3. Bb2 Bg7 4. d4 O-O 5. e3 d6 6. Be2 Nbd7 7. O-O b6 8. c4 Bb7 9. Qc2 ({RR} 9. Nc3 e5 10. Qc2 Re8 11. Rad1 e4 12. Nd2 h5 13. d5 Qe7 14. Nb5 Rec8 15. Bd4 a6 16. Nc3 a5 17. Ndxe4 Nxe4 18. Qxe4 Qxe4 19. Nxe4 Re8 20. Bxg7 Kxg7 21. Nc3 Nc5 22. Bd3 Bc8 23. Bc2 h4 {Hajiyev,K (2109)-Bryant,T (2029) chess.com INT 2024 0-1 (84)}) ({RR} 9. d5 c5 10. dxc6 Bxc6 11. Nd4 Bb7 12. Nd2 Qc7 13. Bf3 Rac8 14. Rc1 Qb8 15. h3 Ne5 16. Bxb7 Qxb7 17. N2f3 Nfd7 18. Qe2 Nc5 19. Rfd1 Rfd8 20. Nxe5 dxe5 21. Nb5 e4 22. Bxg7 Kxg7 23. Nc3 Nd3 {Nihal,S (2669)-Nakamura,H (2794) chess.com INT 2024 1-0 (64)}) 9... Ne4 $146 ({RR} 9... Re8 10. Nc3 e5 11. dxe5 Nxe5 12. Nxe5 dxe5 13. Rfd1 Qc8 14. Rac1 a6 15. Nd5 Nd7 16. b4 a5 17. b5 Bf8 18. Rd2 Re6 19. Rcd1 Nc5 20. e4 Bxd5 21. Rxd5 Qe8 22. Bg4 Re7 23. Ba3 h5 24. Bxc5 {Nakamura,H (2775)-Rakhmatullaev,A (2275) chess.com INT 2023 1-0 (33)}) ({RR} 9... e6 10. Nc3 Qe7 11. e4 e5 12. dxe5 dxe5 13. Nd5 Nxd5 14. cxd5 Rac8 15. Bb5 Nb8 16. Bc6 Nxc6 17. dxc6 Ba6 18. Rfd1 Rcd8 19. a4 Rfe8 20. Rxd8 Rxd8 21. Rd1 Rd6 22. Rd2 f6 23. h4 Bh6 24. Rd5 {Nakamura,H (2736)-Caruana,F (2835) chess24.com INT 2020 1-0 (69)}) 10. Rd1 Qe8 11. Nc3 Nxc3 12. Bxc3 e5 13. dxe5 dxe5 14. Rd2 e4 15. Bxg7 Kxg7 16. Nd4 Qe5 17. Rad1 Nf6 18. b4 a5 19. a3 axb4 20. axb4 c5 21. bxc5 bxc5 22. Nb5 Bc8 23. Nd6 Be6 24. h3 Rfb8 25. Bf1 h5 26. Nb5 Ra5 27. Rd6 Rb7 28. Qd2 Ra4 29. Rd8 Rb4 30. Nd6 Ra7 31. Ne8+ Nxe8 32. Rxe8 Rb8 33. Rxb8 Qxb8 34. Qc3+ f6 35. g3 Qe5 36. Qc2 Rd7 37. Rb1 Ra7 38. Bg2 f5 39. h4 Ra1 40. Bf1 Rxb1 41. Qxb1 Qc7 42. Qb5 Kf7 43. Qb2 Bd7 44. Qh8 Qd6 45. Qh7+ Kf6 46. Qh8+ Kf7 47. Be2 Qf6 48. Qb8 Qe7 49. Qc7 Be6 50. Qc6 Bd7 51. Qd5+ Be6 52. Qd2 Bd7 53. Qb2 Be6 54. Qa3 Qd6 55. Kg2 Qe7 56. Bd1 Qd6 57. Ba4 Qe7 58. Qc3 Qd6 59. Qh8 Qe7 60. Qh7+ Kf6 61. Qh8+ Kf7 62. Bc6 Qd6 63. Qh7+ Kf6 64. Be8 Qd1 65. Qxg6+ Ke7 66. Qxh5 Qxh5 67. Bxh5 Bxc4 68. Bd1 Be6 69. Kf1 c4 70. Ke1 c3 71. Bc2 Bc4 72. Kd1 Bd3 73. Kc1 Kf6 74. Bd1 Kg7 75. f4 Kg6 76. Ba4 Kh5 77. Bd1+ 1-0

[Event "Bullet Chess Winners 2024"]
[Site "chess.com INT"]
[Date "2024.06.10"]
[Round "2.7"]
[White "Naroditsky, D."]
[Black "Bortnyk, Olexandr"]
[Result "1-0"]
[WhiteElo "2619"]
[BlackElo "2608"]
[PlyCount "57"]
[EventDate "2024.06.10"]
[EventType "k.o."]

1. Nf3 Nf6 2. b3 b6 3. Bb2 Bb7 4. e3 g6 5. d4 Bg7 6. Be2 O-O 7. O-O e6 ({RR} 7... c5 8. dxc5 bxc5 9. c4 d6 10. Qc1 Nbd7 11. Nfd2 Ne5 12. Nc3 e6 13. Qc2 Qe7 14. Rad1 Rfd8 15. h3 Rac8 16. Rfe1 d5 17. cxd5 exd5 18. Na4 d4 19. Nc4 Nd5 20. exd4 cxd4 21. Bxd4 Nf4 22. Bxe5 {Nakamura,H (2802)-Duda,J (2740) chess.com INT 2024 1-0 (33)}) ({RR} 7... d6 8. Nbd2 Nbd7 9. c4 c5 10. Qc2 Qc7 11. Rac1 Rac8 12. Qb1 Rfe8 13. Rfd1 e5 14. dxe5 dxe5 15. Qa1 Qc6 16. Nb1 Qe6 17. Nc3 e4 18. Ne1 Ne5 19. Nb5 Nd3 20. Nxd3 exd3 21. Rxd3 Red8 22. Nxa7 {Gulevich,A (2304)-Ochedzan,F (2218) chess.com INT 2025 1-0 (67)}) 8. c4 d5 9. Nc3 ({RR} 9. Nbd2 Qe7 10. a4 Na6 11. a5 Nb4 12. Ne5 c5 13. cxd5 exd5 14. a6 Bc8 15. Ba3 Bd7 16. Bxb4 cxb4 17. Nxd7 Qxd7 18. Bd3 Rac8 19. Ra4 Qd6 20. Nf3 Rfe8 21. Bb5 Re6 22. Ne5 Rc3 23. Nd3 h5 {Naroditsky,D (2619)-Bortnyk,O (2608) chess.com INT 2024 ½-½ (55)}) 9... Qe7 10. cxd5 $146 ({RR} 10. a4 c5 11. a5 Nbd7 12. Nb5 Rfc8 13. a6 Bc6 14. dxc5 bxc5 15. Ne5 Nxe5 16. Bxe5 Ne4 17. Bxg7 Kxg7 18. Bf3 Ng5 19. Be2 Bxb5 20. cxb5 Ne4 21. Qc2 Rab8 22. Rfc1 Qf6 23. Ra5 Qxf2+ 24. Kh1 Qxe3 {Hajiyev,K (2109)-Mahdavi,R (2394) chess.com INT 2024 0-1}) 10... exd5 11. Ne5 c5 12. f4 cxd4 13. exd4 Nc6 14. Bf3 Rfd8 15. Re1 Ne4 16. Nxd5 Rxd5 17. Bxe4 Nxe5 18. Bxd5 Bxd5 19. dxe5 Qb7 20. Qe2 Bf8 21. Rad1 Bb4 22. Rf1 Rc8 23. e6 fxe6 24. Qe5 Bc5+ 25. Bd4 Bxd4+ 26. Rxd4 Bxg2 27. Qxe6+ Kh8 28. Rd7 Qc6 29. Qe5+ 1-0

[Event "Bullet Chess Winners 2024"]
[Site "chess.com INT"]
[Date "2024.06.10"]
[Round "2.11"]
[White "Naroditsky, D."]
[Black "Bortnyk, Olexandr"]
[Result "1-0"]
[WhiteElo "2619"]
[BlackElo "2608"]
[PlyCount "137"]
[EventDate "2024.06.10"]
[EventType "k.o."]

1. Nf3 Nf6 2. g3 g6 3. Bg2 Bg7 4. O-O O-O 5. b3 b6 6. Bb2 Bb7 7. c4 e6 8. d3 d5 9. Nbd2 c5 ({RR} 9... Qe7 10. Qc2 c5 11. a3 Na6 12. e3 Rac8 13. Rac1 Rfd8 14. Qb1 Nc7 15. Rfd1 h5 16. Ne5 Nce8 17. Ndf3 Nd6 18. Qa1 Nf5 19. Ng5 Rf8 20. b4 dxc4 21. dxc4 Bxg2 22. Kxg2 Ng4 23. Nxg4 hxg4 24. Bxg7 {Naroditsky,D (2619)-Bortnyk,O (2608) chess.com INT 2024 0-1 (44)}) 10. Qc2 ({RR} 10. e3 Qe7 11. Qe2 Rd8 12. Ne5 Na6 13. a3 Rac8 14. f4 Nc7 15. Kh1 Nce8 16. g4 dxc4 17. bxc4 Bxg2+ 18. Qxg2 Nd7 19. Nc6 Rxc6 20. Bxg7 Rd6 21. Bb2 Rxd3 22. Ne4 Ndf6 23. g5 Nxe4 24. Qxe4 Qc7 {Jaque Gutierrez,M (2242)-Gholami Orimi,M (2509) chess.com INT 2025 0-1 (50)}) ({RR} 10. Ne5 Qe7 11. Ndf3 Rd8 12. Qc2 d4 13. e3 dxe3 14. fxe3 Nc6 15. Nxc6 Bxc6 16. Ne5 Bxg2 17. Qxg2 Rdc8 18. Rf2 Nh5 19. Rxf7 Qg5 20. Rxg7+ Nxg7 21. Qe4 Qf5 22. Qb7 Rf8 23. Ng4 Rf7 24. Qxa8+ Rf8 {Garcia Ramos,D (2436)-Bortnyk,O (2608) chess.com INT 2024 1-0}) 10... d4 $146 ({RR} 10... Nbd7 11. Ne5 Qc7 12. Nxd7 Nxd7 13. Bxg7 Kxg7 14. cxd5 exd5 15. d4 Rac8 16. Rac1 Qd6 17. dxc5 bxc5 18. Qb2+ Qf6 19. Qxf6+ Nxf6 20. Rfd1 Ba6 21. e3 d4 22. Bh3 Rce8 23. exd4 cxd4 24. Bf1 Be2 25. Re1 {Bobanac,M (2237)-Sajin,M (2154) Bosnjaci CRO 2023 ½-½ (59)}) 11. b4 Nbd7 12. Nb3 Qe7 13. bxc5 bxc5 14. Na5 Bxf3 15. Bxf3 Rac8 16. Ba3 Ne5 17. Bg2 Nfd7 18. Rab1 Rc7 19. h3 g5 20. Nb3 Qf6 21. e3 Nf3+ 22. Kh1 g4 23. Qe2 Nde5 24. exd4 cxd4 25. Bxf8 Bxf8 26. Nd2 Qh6 27. Nxf3 Nxf3 28. Bxf3 Qxh3+ 29. Kg1 gxf3 30. Qxf3 Qh6 31. Qf4 Qxf4 32. gxf4 Bd6 33. Kg2 Bxf4 34. Kf3 e5 35. Rb5 Kg7 36. Rfb1 Rc6 37. Ke4 Rh6 38. c5 Re6 39. Kd5 e4 40. Kxd4 exd3 41. Kxd3 h5 42. R5b4 Bc7 43. Re4 Ra6 44. Rb2 Ra3+ 45. Kc2 Rf3 46. Kd1 Rf5 47. Rc2 Rd5+ 48. Ke2 f5 49. Rec4 Kf6 50. c6 h4 51. Rxh4 Kg5 52. Rhc4 Re5+ 53. Kd3 Re7 54. Rd4 Rf7 55. Rd7 Kf6 56. Rxf7+ Kxf7 57. Kc4 Ke6 58. Re2+ Kd6 59. Re8 a6 60. Rf8 Kxc6 61. Rxf5 Bd6 62. f4 Kd7 63. Kd5 Be7 64. Re5 Bd8 65. f5 Kc8 66. Re6 a5 67. f6 a4 68. f7 Be7 69. Rxe7 1-0

[Event "Bullet Chess Winners 2024"]
[Site "chess.com INT"]
[Date "2024.06.10"]
[Round "2.17"]
[White "Nakamura, Hi"]
[Black "Paravyan, D."]
[Result "1-0"]
[WhiteElo "2794"]
[BlackElo "2610"]
[PlyCount "51"]
[EventDate "2024.06.10"]
[EventType "k.o."]

1. b3 d5 2. Nf3 c5 3. e3 Nf6 4. d4 cxd4 5. Nxd4 e6 $146 ({RR} 5... e5 6. Nf3 Nc6 7. Bb2 Bd6 8. Be2 O-O 9. O-O Be6 10. Nc3 Rc8 11. Ng5 Bf5 12. Nxd5 Nxd5 13. Qxd5 Nb4 14. Qd1 Rxc2 15. Ba3 Rxe2 16. Bxb4 Bxb4 17. Qxe2 Qxg5 18. Qb5 Qe7 19. Rfd1 a6 20. Qd5 {Pereira,M (1903)-Dos Santos,N Rio de Janeiro 2014 1-0 (34)}) ({RR} 5... e5 6. Nf3 Nc6 7. Bb2 Bb4+ 8. c3 Ba5 9. Bb5 e4 10. Nd4 Bd7 11. Nxc6 bxc6 12. Be2 O-O 13. O-O Be6 14. Nd2 Re8 15. Rc1 c5 16. b4 cxb4 17. cxb4 Bxb4 18. Nb3 Bd6 19. Rc6 Qb8 20. Bxf6 {Nakamura,H (2766)-Vidit,S (2723) Chess.com INT 2022 ½-½ (101)}) ({RR} 5... e5 6. Nf3 Bb4+ 7. c3 Bd6 8. Bb2 O-O 9. Be2 Nc6 10. O-O Qe7 11. c4 dxc4 12. Bxc4 Bg4 13. h3 Bh5 14. Be2 Rad8 15. Nc3 e4 16. Nd4 Nxd4 17. exd4 Bg6 18. Qd2 Bb8 19. Qe3 Qd6 20. g3 {Daaevik Wadhawan (2324)-Zakhartsov,V (2497) chess.com INT 2024 0-1 (65)}) 6. Bb2 Bb4+ 7. c3 Be7 8. Nd2 O-O 9. c4 Nc6 10. Nxc6 bxc6 11. Be2 a5 12. O-O a4 13. Rc1 axb3 14. axb3 Ba6 15. Nf3 Qb6 16. Bd4 Qb7 17. Ne5 Rfc8 18. Bf3 Rab8 19. Rb1 Nd7 20. Qc2 Nxe5 21. Bxe5 Qd7 22. Bxb8 Rxb8 23. Rfd1 g6 24. cxd5 cxd5 25. Rbc1 Ba3 26. Ra1 1-0

[Event "Bullet Chess Winners 2024"]
[Site "chess.com INT"]
[Date "2024.06.10"]
[Round "2.19"]
[White "Naroditsky, D."]
[Black "Bortnyk, Olexandr"]
[Result "1-0"]
[WhiteElo "2619"]
[BlackElo "2608"]
[PlyCount "93"]
[EventDate "2024.06.10"]
[EventType "k.o."]

1. Nf3 Nf6 2. g3 b6 3. Bg2 Bb7 4. O-O g6 5. d3 Bg7 6. e4 O-O 7. Nc3 ({RR} 7. e5 Ne8 8. Qe2 d6 9. e6 f5 10. Nc3 c5 11. Re1 Nf6 12. Bg5 Nc6 13. Rad1 Rc8 14. Qd2 Nb4 15. a3 Nbd5 16. Ne2 b5 17. Nh4 Qb6 18. Bh6 Nc7 19. Bxg7 Kxg7 20. Nf4 Bxg2 21. Nhxg2 Ncd5 {Inarkiev,E (2660)-Zvjaginsev,V (2660) Berlin 2015 1-0 (38)}) ({RR} 7. Nbd2 c5 8. Qe2 d6 9. c3 Nbd7 10. Rd1 e6 11. Nf1 Qe7 12. h4 h6 13. Be3 c4 14. dxc4 Nxe4 15. Nd4 Ne5 16. Bf4 Nc5 17. Bxe5 dxe5 18. Nb5 Bxg2 19. Kxg2 a6 20. Nd6 Rad8 21. Ne4 Qb7 {Prokhorov,A (2258)-Kucuksari,K (2440) chess.com INT 2025 0-1 (34)}) 7... d6 8. Qe2 ({RR} 8. Re1 e5 9. d4 exd4 10. Nxd4 Nfd7 11. Bf4 Ne5 12. Nb3 Nbd7 13. Nd5 Re8 14. c3 Nc5 15. Nxc5 bxc5 16. Ne3 Bc6 17. Qc2 Rb8 18. Rad1 Qc8 19. Bxe5 Bxe5 20. f4 Bg7 21. Nc4 Qa6 22. b3 Re7 {Naroditsky,D (2619)-Bortnyk,O (2608) chess.com INT 2024 0-1 (53)}) 8... e5 $146 ({RR} 8... Nbd7 9. a4 a6 10. Ne1 b5 11. axb5 axb5 12. Rxa8 Qxa8 13. Nxb5 c6 14. Nc3 Qa1 15. Nf3 Ng4 16. h3 Nge5 17. Nxe5 Nxe5 18. Bd2 Qa7 19. Kh2 Nd7 20. f4 e6 21. f5 exf5 22. exf5 Be5 23. fxg6 {Perez Cameselle,F (2017)-Sierra Bermejo,G (1808) Parla 2008 1-0}) 9. a4 a5 10. h3 Nc6 11. Be3 Re8 12. Qd2 Nb4 13. Nb5 c6 14. Nc3 d5 15. Bg5 Qd6 16. exd5 cxd5 17. Nb5 Qd7 18. c3 Nc6 19. Rfe1 e4 20. Bxf6 exf3 21. Bxg7 Kxg7 22. Bxf3 Qxh3 23. Nd6 Rxe1+ 24. Rxe1 Qd7 25. Nxb7 Qxb7 26. Bxd5 Rd8 27. Bg2 Qd7 28. d4 Ne7 29. Qe3 Nf5 30. Qe5+ Kg8 31. Qb5 Qxb5 32. axb5 Rd6 33. Bc6 Kf8 34. Re8+ Kg7 35. Rb8 Ne7 36. Rxb6 a4 37. Ra6 Re6 38. c4 Re1+ 39. Kg2 Rc1 40. Rxa4 Nf5 41. b6 Nxd4 42. Bd5 Rb1 43. Rb4 g5 44. b7 g4 45. b8=Q Nf3 46. Bxf3 gxf3+ 47. Kxf3 1-0